| 000 | 00000nam 2200000zi 4500 |
| 001 | 9.937026 |
| 003 | CaOODSP |
| 005 | 20250827134641 |
| 006 | m o d f |
| 007 | cr |n||||||||| |
| 008 | 240418e20230823onc ob f|0| 0 fre d |
| 040 | |aCaOODSP|bfre|erda|cCaOODSP |
| 043 | |an-cn--- |
| 086 | 1 |aRv55-8/1-8-1-2023F-PDF |
| 245 | 00|aAgrément des courtiers en douane. |
| 250 | |a[Édition de 23 août 2023]. |
| 264 | 1|aOttawa : |bAgence des services frontaliers du Canada = Canada Border Services Agency, |cle 23 août 2023. |
| 300 | |a1 ressource en ligne (10 pages). |
| 336 | |atexte|btxt|2rdacontent/fre |
| 337 | |ainformatique|bc|2rdamedia/fre |
| 338 | |aressource en ligne|bcr|2rdacarrier/fre |
| 490 | 1 |aMémorandum, |x2369-2405 ; |vD1-8-1 |
| 500 | |aPublié aussi en anglais sous le titre : Licensing of customs brokers. |
| 500 | |a« Ceci annule le mémorandum D, D1-8-1 daté le 2 novembre 2015. » |
| 504 | |aComprend des références bibliographiques (page 10). |
| 650 | 6|aAgents en douanes|xPermis, licences, etc.|zCanada. |
| 710 | 2 |aAgence des services frontaliers du Canada, |eorganisme de publication. |
| 775 | 08|tLicensing of customs brokers.|w(CaOODSP)9.937022 |
| 794 | |tAgrément des courtiers en douane.|b[Édition de 22 novembre 2024]|w(CaOODSP)9.954539 |
| 795 | |tAgrément des courtiers en douane |b[Édition de 2 novembre 2015]|w(CaOODSP)9.805768 |
| 830 | #0|aMémorandum (Agence des services frontaliers du Canada)|vD1-8-1.|w(CaOODSP)9.816826 |
| 856 | 40|qPDF|s489 Ko|uhttps://publications.gc.ca/collections/collection_2024/asfc-cbsa/Rv55-8-1-8-1-2023-fra.pdf |